Statistics for Atlanta Hawks NBA All-Stars

Click here to take the quiz!

General Stats

  • This quiz has been taken 125 times
    (54 since last reset)
  • The average score is 14 of 35

Answer Stats

Players Selections Last % Correct
Dominique Wilkins19949
94%
Lenny Wilkens19685
94%
Bob Pettit196511
92%
Al Horford20164
83%
Kyle Korver20151
81%
Paul Millsap20174
79%
Eddie Johnson19812
77%
Joe Johnson20126
77%
Jeff Teague20151
75%
Trae Young20201
73%
Steve Smith19981
63%
Dikembe Mutombo20014
60%
Mookie Blaylock19941
46%
Lou Hudson19746
44%
Doc Rivers19881
40%
Pete Maravich19742
40%
Cliff Hagan19625
35%
Kevin Willis19921
31%
Shareef Abdur-Rahim20021
29%
Dan Roundfield19823
23%
Moses Malone19891
21%
Zelmo Beaty19682
21%
Ed Macauley19571
17%
Bill Bridges19703
15%
Christian Laettner19971
13%
Clyde Lovellette19612
13%
John Drew19802
13%
Slater Martin19593
10%
Joe Caldwell19702
8%
Dwight Eddleman19522
6%
Frank Brian19522
6%
Don Sunderlage19541
6%
Mel Hutchins19542
4%
Bob Harrison19561
4%
Frank Selvy19551
4%

Score Distribution

Percentile by Number Answered

Percent of People with Each Score

Your Score History

You have not taken this quiz since the last reset